| 000 | 00312nam a2200109 4500 | ||
|---|---|---|---|
| 999 |
_c9826 _d9826 |
||
| 008 | 180718b ||||| |||| 00| 0 eng d | ||
| 245 | _aNew technology puts health care in palm of hand. | ||
| 260 |
_aPhilippines _bThe Philippine Star _cc2016 |
||
| 300 | _apage 15. | ||
| 650 | 0 |
_929075 _aTechnology. |
|
| 942 |
_2ddc _cPER |
||